000 00270nam a2200109Ia 4500
008 200302s9999 xx 000 0 und d
100 _aNeil F.Jones
245 _aThe Jct Major Project Form(Usd 179.99)
260 _bBlackwell Publishing
260 _c2004
300 _a437 P
999 _c4916
_d4916